000 00274nam a22001217a 4500
008 181022b xxu||||| |||| 00| 0 eng d
041 _aeng
080 _a159.9
100 _a49
101 _aPSI
245 _aInsulin Treatment in Psychiatry
_cRinkel,M
942 _2udc
_cBK
999 _c50371
_d50371